La dictadura de O'Higgins / (Registro nro. 24270)

Detalles MARC
000 -LEADER
campo de control de longitud fija 00929nam a2200253 i 4500
001 - NÚMERO DE CONTROL
campo de control 24270
003 - IDENTIFICADOR DE NÚMERO DE CONTROL
campo de control ES-MaACL
005 - FECHA Y HORA DE LA ÚLTIMA TRANSACCIÓN
campo de control 20250807122131.0
007 - CAMPO FIJO DE DESCRIPCIÓN FÍSICA--INFORMACIÓN GENERAL
campo de control de longitud fija t|
008 - DATOS DE LONGITUD FIJA--INFORMACIÓN GENERAL
campo de control de longitud fija 021216s1917 sp ||||1| spa d
100 1# - ENTRADA PRINCIPAL--NOMBRE DE PERSONA
Nombre de persona Amunategui, Miguel Luis.
9 (RLIN) 21350
245 13 - MENCIÓN DEL TÍTULO
Título La dictadura de O'Higgins /
Mención de responsabilidad, etc. por Miguel Luis Amunátegui y B. Vicuña Mackenna.
260 ## - PUBLICACIÓN, DISTRIBUCIÓN, ETC.
Lugar de publicación, distribución, etc. Madrid :
Nombre del editor, distribuidor, etc. [Juan Pueyo,
Fecha de publicación, distribución, etc. 1917]
300 ## - DESCRIPCIÓN FÍSICA
Extensión 400 p. ;
Dimensiones 23 cm.
490 1# - MENCIÓN DE SERIE
Mención de serie Biblioteca Ayacucho ;
Designación de volumen o secuencia 18
530 ## - NOTA DISPONIBLE DE FORMULARIO FÍSICO ADICIONAL
Nota de formato físico adicional disponible Disponible en formato digital.
600 14 - PUNTO DE ACCESO ADICIONAL DE MATERIA--NOMBRE DE PERSONA
Nombre de persona O'Higgins, Bernardo-
Subdivisión general Biografías.
9 (RLIN) 130576
651 #4 - PUNTO DE ACCESO ADICIONAL DE MATERIA--NOMBRE GEOGRÁFICO
Nombre geográfico Chile-
Subdivisión geográfica Historia-
Subdivisión cronológica 1810-1824, Guerra de la Independencia.
9 (RLIN) 158684
700 1# - ENTRADA AGREGADA--NOMBRE PERSONAL
Nombre de persona Vicuña Mackenna, Benjamín,
Fechas asociadas al nombre 1831-1886
9 (RLIN) 133677
830 0# - PUNTO DE ACCESO ADICIONAL DE SERIE-TÍTULO UNIFORME
Título uniforme Biblioteca Ayacucho ;
Designación de volumen o secuencia 18
9 (RLIN) 177888
852 ## - LOCALIZACIÓN
Ubicación ES-MaACL
Número de control de estantería F-1751
856 ## - LOCALIZACIÓN Y ACCESO ELECTRÓNICOS
Identificador Uniforme de Recursos <a href="http://bdh-rd.bne.es/viewer.vm?id=0000095979&page=1 ">http://bdh-rd.bne.es/viewer.vm?id=0000095979&page=1 </a>
Nota pública Biblioteca Digital Hispánica
Existencias
Estatus retirado Estado de pérdida Estado de daño No para préstamo Colección Biblioteca de origen Biblioteca actual Ubicación en estantería Fecha de adquisición Fuente de adquisición Total de préstamos Signatura topográfica completa Código de barras Visto por última vez Precio de reemplazo Tipo de ítem Koha
        Colección digital Biblioteca del Ateneo de Madrid Biblioteca del Ateneo de Madrid Depósito 2 17/01/2008     F-1751 1025022 23/02/2023 23/02/2023 Libro impreso